| 000 | 00462nam a22001577a 4500 | ||
|---|---|---|---|
| 003 | SISC | ||
| 005 | 20161103114049.0 | ||
| 008 | 161103b xxu||||| |||| 00| 0 eng d | ||
| 020 | _a9789351159353 | ||
| 050 |
_aHF 5549.5.T67 _b.T768 2016 |
||
| 245 |
_aTrainers methodology : _bintermediate / _c3G elearning. |
||
| 260 |
_aUAE : _b3G elearning, _c2016. |
||
| 300 |
_avii, 452 pages : _bcolor illustrations ; _c28 cm. |
||
| 500 | _aIncludes index. | ||
| 942 |
_2lcc _cBK |
||
| 999 |
_c305169 _d305169 |
||